00140nam a22000737a 4500100001200000245003100012260001500043300000800058 aMayaram aRashtiya pram ki kahaniya  bGyanvigyan a159